[Event "Sabadell Coral Colon op 12th"]
[Site "Sabadell"]
[Date "2018.02.16"]
[Round "2"]
[White "Mayo Delgado, Alfonso"]
[Black "Guimera Pons, Ramon"]
[Result "0-1"]
[WhiteElo "1508"]
[BlackElo "1626"]
[PlyCount "82"]
[EventDate "2018.02.09"]
[EventType "swiss"]
[EventRounds "9"]
[EventCountry "ESP"]
[SourceTitle "EXT 2019"]
[Source "ChessBase"]
[SourceDate "2018.10.10"]
[SourceVersion "1"]
[SourceVersionDate "2018.10.10"]
[SourceQuality "1"]

1. d4 Nf6 2. e3 d5 3. c4 c6 4. Nc3 e6 5. Nf3 Bd6 6. Bd3 0-0 7. c5 Bc7 8. Qc2 h6 9. 0-0 Nbd7 10. b4 e5 11. dxe5 Nxe5 12. Nxe5 Bxe5 13. f4 Bc7 14. Ne2 Re8 15. Ng3 Bd7 16. Qf2 Ng4 17. Qf3 Nf6 18. f5 b6 19. Nh5 bxc5 20. bxc5 Rb8 21. Rb1 Rxb1 22. Bxb1 Be5 23. Nxf6+ Bxf6 24. Qg4 Kh8 25. e4 dxe4 26. Bxe4 Qe7 27. Re1 Qxc5+ 28. Be3 Qc3 29. Re2 Bd4 30. Kf2 Bxe3+ 31. Rxe3 Qd4 32. Kf3 c5 33. Rd3 Qa4 34. Bd5 Qb5 35. Bc4 Bc6+ 36. Kg3 Qb7 37. f6 g6 38. Qf4 g5 39. Qg4 Qc7+ 40. Kh3 Re4 41. Rd7 Bxd7 0-1

[Event "Cerdanyola del Valles op-B 31th"]
[Site "Cerdanyola del Valles"]
[Date "2013.??.??"]
[Round "1.7"]
[White "Fernandez Arroyo, Andrea"]
[Black "Guimera Pons, Ramon"]
[Result "0-1"]
[WhiteElo "1229"]
[BlackElo "1629"]
[PlyCount "46"]
[EventDate "2013.10.05"]
[EventType "swiss"]
[EventRounds "8"]
[EventCountry "ESP"]
[SourceTitle "EXT 2024"]
[Source "ChessBase"]
[SourceDate "2023.10.10"]
[SourceVersion "1"]
[SourceVersionDate "2023.10.10"]
[SourceQuality "1"]

1. e4 e5 2. Nf3 Nc6 3. d4 exd4 4. Nxd4 Bc5 5. Be3 Qf6 6. c3 Nge7 7. Be2 0-0 8. 0-0 d6 9. Kh1 a6 10. Nb3 Bxe3 11. fxe3 Qg5 12. Rf3 Ne5 13. Rg3 Qh6 14. Qf1 Bd7 15. N1d2 N7c6 16. Nc4 Rae8 17. Nxe5 Nxe5 18. Nd4 Qh4 19. Bd3 Nxd3 20. Qxd3 Qxe4 21. Qe2 Re7 22. Rf1 c5 23. Nb3 Bb5 0-1

[Event "Cerdanyola del Valles op-B 31th"]
[Site "Cerdanyola del Valles"]
[Date "2013.??.??"]
[Round "4.6"]
[White "Guimera Pons, Ramon"]
[Black "Brunet Gil, Pol"]
[Result "1/2-1/2"]
[WhiteElo "1629"]
[BlackElo "1418"]
[PlyCount "39"]
[EventDate "2013.10.05"]
[EventType "swiss"]
[EventRounds "8"]
[EventCountry "ESP"]
[SourceTitle "EXT 2024"]
[Source "ChessBase"]
[SourceDate "2023.10.10"]
[SourceVersion "1"]
[SourceVersionDate "2023.10.10"]
[SourceQuality "1"]

1. e4 c5 2. Nf3 Nc6 3. d4 cxd4 4. Nxd4 e5 5. Nb3 Nf6 6. Nc3 d6 7. Bc4 Be6 8. Be2 Be7 9. 0-0 0-0 10. f4 exf4 11. Bxf4 d5 12. exd5 Nxd5 13. Nxd5 Qxd5 14. Qxd5 Bxd5 15. Rad1 Rfd8 16. Nc1 Rac8 17. c4 Be6 18. b3 Rd7 19. Rxd7 Bxd7 20. Rd1 1/2-1/2

[Event "Cerdanyola del Valles op-B 31th"]
[Site "Cerdanyola del Valles"]
[Date "2013.??.??"]
[Round "6.9"]
[White "Guimera Pons, Ramon"]
[Black "Garcia Ramos, Anais"]
[Result "1-0"]
[WhiteElo "1629"]
[BlackElo "1412"]
[PlyCount "75"]
[EventDate "2013.10.05"]
[EventType "swiss"]
[EventRounds "8"]
[EventCountry "ESP"]
[SourceTitle "EXT 2024"]
[Source "ChessBase"]
[SourceDate "2023.10.10"]
[SourceVersion "1"]
[SourceVersionDate "2023.10.10"]
[SourceQuality "1"]

1. e4 e6 2. d4 d5 3. Nd2 Nf6 4. Bd3 c5 5. e5 Nfd7 6. c3 Nc6 7. Ne2 Qb6 8. Nf3 cxd4 9. cxd4 Bb4+ 10. Bd2 0-0 11. a3 Be7 12. Rb1 f6 13. exf6 Nxf6 14. 0-0 Bd6 15. Bc3 Ng4 16. Ng3 e5 17. dxe5 Ncxe5 18. Bxe5 Bxe5 19. Qe2 Bd4 20. Nxd4 Qxd4 21. Rbd1 g6 22. Bb1 Qb6 23. Ba2 Kh8 24. Bxd5 Qf6 25. Bf3 Ne5 26. Bd5 Bg4 27. f3 Qb6+ 28. Kh1 Nxf3 29. Bxf3 Bxf3 30. Rxf3 Rxf3 31. gxf3 h5 32. b4 a5 33. b5 Qc5 34. Qd3 Rg8 35. Ne4 Qf5 36. Rc1 g5 37. Rc7 g4 38. Qd4+ 1-0

[Event "Cerdanyola del Valles op-B 29th"]
[Site "Cerdanyola del Valles"]
[Date "2011.11.05"]
[Round "5"]
[White "Guimera Pons, Ramon"]
[Black "Martinez Perez, Pablo"]
[Result "1/2-1/2"]
[WhiteElo "1686"]
[BlackElo "1505"]
[PlyCount "47"]
[EventDate "2011.10.01"]
[EventType "swiss"]
[EventRounds "8"]
[EventCountry "ESP"]
[SourceTitle "EXT 2013"]
[Source "ChessBase"]
[SourceDate "2012.11.22"]
[SourceVersion "1"]
[SourceVersionDate "2012.11.22"]
[SourceQuality "1"]

1. e4 d5 2. exd5 Qxd5 3. Nc3 Qd6 4. d4 Nf6 5. Nf3 a6 6. Bc4 b5 7. Bb3 Bb7 8. Be3 e6 9. Qe2 Be7 10. Rd1 0-0 11. 0-0 Nbd7 12. Bg5 h6 13. Bh4 Qf4 14. Qe3 Qxe3 15. fxe3 Rfd8 16. Ne2 c5 17. c3 Be4 18. Rd2 Kf8 19. Bc2 Bxc2 20. Rxc2 Nd5 21. Bxe7+ Kxe7 22. Kf2 N7f6 23. Ne5 Rac8 24. Ng3 1/2-1/2

[Event "Cerdanyola del Valles op-B 29th"]
[Site "Cerdanyola del Valles"]
[Date "2011.10.08"]
[Round "2"]
[White "Guimera Pons, Ramon"]
[Black "Serrano Moron, Eloi"]
[Result "0-1"]
[WhiteElo "1686"]
[BlackElo "1580"]
[PlyCount "166"]
[EventDate "2011.10.01"]
[EventType "swiss"]
[EventRounds "8"]
[EventCountry "ESP"]
[SourceTitle "EXT 2013"]
[Source "ChessBase"]
[SourceDate "2012.11.22"]
[SourceVersion "1"]
[SourceVersionDate "2012.11.22"]
[SourceQuality "1"]

1. e4 c6 2. d4 d5 3. Nc3 dxe4 4. Nxe4 Bf5 5. Ng3 Bg6 6. Bc4 e6 7. Nf3 Nd7 8. 0-0 Ngf6 9. Qe2 Nd5 10. c3 h6 11. Ne5 Nxe5 12. dxe5 Bc5 13. Ne4 Be7 14. Bb3 b5 15. c4 bxc4 16. Qxc4 Qc7 17. f4 Qb6+ 18. Kh1 0-0 19. Bd2 Ne3 20. Bxe3 Qxe3 21. Ng3 Bd3 22. Rfe1 Qxe1+ 23. Rxe1 Bxc4 24. Bxc4 Rfd8 25. Ne4 Rd4 26. Bb3 Rad8 27. g3 Rb8 28. Kg2 c5 29. Re2 c4 30. Ba4 Rb6 31. a3 Rb8 32. Nc3 Rbd8 33. Ne4 c3 34. Nxc3 Rd2 35. Kf2 Bc5+ 36. Kf1 R2d3 37. Bc6 Rd2 38. Ke1 Rxe2+ 39. Kxe2 Bg1 40. h3 Bd4 41. Na4 Rc8 42. Be4 a5 43. Kd3 Rd8 44. Ke2 Rb8 45. Kd3 Bxb2 46. Nxb2 Rxb2 47. a4 Kf8 48. Ke3 Ke7 49. Bc6 Kd8 50. Kf3 Rb6 51. Bb5 Rb7 52. Bc6 Rc7 53. Bb5 Kc8 54. Ba6+ Kb8 55. Bb5 Ka7 56. Kg4 Kb6 57. Kh5 Kc5 58. Kg4 Kb4 59. h4 Rc3 60. Be8 Rc7 61. Bb5 Kc5 62. Be8 Kd4 63. Bb5 Ke3 64. Be8 Kf2 65. Bb5 h5+ 66. Kxh5 Kxg3 67. Kg5 Kf2 68. Be8 Ke3 69. h5 Re7 70. Bb5 Kd4 71. h6 gxh6+ 72. Kxh6 Ke4 73. Kg5 Rc7 74. Be8 Kd5 75. Kf6 Ke4 76. Bxf7 Kxf4 77. Kxe6 Rxf7 78. Kd6 Ke4 79. e6 Rf6 80. Kd7 Kd5 81. e7 Rd6+ 82. Kc7 Re6 83. Kd7 Rxe7+ 0-1

[Event "Barcelona Rubi op-B 5th"]
[Site "Barcelona"]
[Date "2004.04.??"]
[Round "4"]
[White "Guimera Pons, Ramon"]
[Black "Ibanez Pastor, Jordi"]
[Result "1-0"]
[WhiteElo "1770"]
[BlackElo "1835"]
[PlyCount "75"]
[EventDate "2004.04.25"]
[EventType "swiss"]
[EventRounds "7"]
[EventCountry "ESP"]
[SourceTitle "EXT 2007"]
[Source "ChessBase"]
[SourceDate "2006.11.23"]
[SourceVersion "1"]
[SourceVersionDate "2006.11.23"]
[SourceQuality "1"]

1. e4 e6 2. d4 d5 3. e5 c5 4. c3 Nd7 5. Bd3 Ne7 6. Ne2 Qc7 7. 0-0 Nc6 8. a3 Be7 9. f4 Nb6 10. Bc2 Bd7 11. Nd2 0-0-0 12. b4 c4 13. a4 Na8 14. a5 Rdf8 15. Ba4 Nd8 16. Ba3 g5 17. Bxd7+ Qxd7 18. Qb1 Qb5 19. f5 Nc7 20. f6 Bxf6 21. Rxf6 Ne8 22. Rf2 h5 23. Qd1 Ng7 24. Bc1 Qd7 25. Qa4 Qe7 26. b5 f5 27. Ba3 Qf7 28. Bxf8 Rxf8 29. Qb4 f4 30. Qc5+ Kb8 31. Raf1 Nf5 32. b6 a6 33. Qc7+ Qxc7 34. bxc7+ Kxc7 35. Rb1 Nf7 36. Rb6 Re8 37. Rf1 Kb8 38. Rfb1 1-0